Представление документа в формате MARC21

Поле Инд. ПП Название Значение
Тип записи a
Библиографический уровень b
001 Контрольный номер RU/IS/BASE/401983372
005 Дата корректировки 20220201120753.3
008 Кодируемые данные 20120926
084 a Индекс другой классификации/Индекс ББК 63.3(2)6-3-2; 65.03(2Рос)6
100 1_ a Автор Суржикова Н. В.
q Полное имя Суржикова Наталья Викторовна
245 10 a Заглавие Производительность труда пленных иностранцев на Урале. 1914 - 1917 годы
504 a Библиография Библиогр.
520 0_ a Аннотация "Участие пленных в процессах производства и потребления оказало заметное влияние на состояние потребительского рынка и рынка труда, а управление обозначенными процессами привело к формированию новых механизмов администрирования в системе общенациональных и региональных хозяйственных связей."
650 04 a Основная рубрика внутренняя политика
a Основная рубрика история
a Основная рубрика экономика
a Основная рубрика экономическая история (история хозяйства)
653 0_ a Ключевые слова XX век
a Ключевые слова военнопленные
a Ключевые слова иностранные военнопленные
a Ключевые слова интернированные
a Ключевые слова лагеря военнопленных
a Ключевые слова плен
a Ключевые слова пленные
a Ключевые слова потребление
a Ключевые слова принудительный труд
a Ключевые слова производительность труда
a Ключевые слова производство
a Ключевые слова регионы России
a Ключевые слова Россия
a Ключевые слова управление экономикой
a Ключевые слова Урал
a Ключевые слова экономика плена
a Ключевые слова экономическая политика
773 18 t Заглавие источника Вопросы истории
d Дата издания источника 2012
g Прочая информация № 2. - С. 149 - 155
w Контрольный № источника RU/IS/BASE/383238307
901 t Тип документа b